000 00492nam a2200181Ia 4500
001 2338
005 20260306144759.0
008 260306t2015||||xx |||||||||||||| ||spa||
041 _aESP
082 _a616.89
_bA147
100 _aAires González, María del Mar
_eAUT
245 0 _aPsicopatología en el contexto escolar:
_blecciones teórico-prácticas para maestros
260 _c2015
300 _a206 páginas :
_c24 cm.
650 _aGEN
654 _aCPS
942 _cLIB
_dJUS
_fJUS
_2ddc
_n
999 _c2338
_d2338